Deportivo - Blessd, Anuel AA - Estadísticas

Estadísticas generales
  • Esta prueba ha sido intentada 41 veces
  • La puntuación promedio es 237 de 398
Estadísticas de respuestas
Letra % Correcto
Mami
100%
mami
100%
me
94%
y
94%
Y
94%
a
89%
con
89%
Con
89%
de
89%
De
89%
en
89%
es
89%
hoy
89%
Hoy
89%
quiero
89%
Te
89%
te
89%
contigo
83%
deportivo
83%
el
83%
mi
83%
o
83%
pa
83%
ver
83%
cuando
78%
efectivo
78%
este
78%
la
78%
llamas
78%
No
78%
no
78%
bastante
72%
busco
72%
estés
72%
gana
72%
ganas
72%
si
72%
sola
72%
yo
72%
Yo
72%
se
67%
Se
67%
67%
67%
tu
67%
67%
un
67%
voy
67%
al
61%
las
61%
Los
61%
noche
61%
que
61%
castigo
56%
como
56%
llevar
56%
lo
56%
una
56%
va
56%
amigas
50%
bebiendo
50%
conmigo
50%
diablo
50%
lambo
50%
papi
50%
para
50%
pero
50%
privada
50%
quieres
50%
Ya
50%
dándote
44%
depresivas
44%
dice
44%
eh
44%
ella
44%
emoji
44%
eres
44%
Georgina
44%
hacerte
44%
haces
44%
lamborghini
44%
le
44%
manda
44%
mía
44%
noches
44%
oh
44%
pase
44%
Ronaldo
44%
siento
44%
taladro
44%
tequila
44%
todas
44%
Ven
44%
Yankee
44%
digo
39%
enchule
39%
hablo
39%
lengua
39%
Mando
39%
maquillan
39%
oído
39%
sábado
39%
saque
39%
suite
39%
totito
39%
visten
39%
ah
33%
algo
33%
Bebe
33%
Bebé
33%
cases
33%
Glock
33%
pal
33%
superan
33%
tienes
33%
borracha
28%
está
28%
infierno
28%
llevarte
28%
mata
28%
pensar
28%
riéndome
28%
salgo
28%
tira
28%
amor
22%
apoyan
22%
babiandose
22%
Don
22%
ese
22%
hay
22%
mira
22%
pudo
22%
puedo
22%
siempre
22%
sientes
22%
sin
22%
solita
22%
soy
22%
todo
22%
aguante
17%
ando
17%
bandolero
17%
bien
17%
culito
17%
darte
17%
donde
17%
efímero
17%
encantó
17%
envolvio
17%
esmalte
17%
fresa
17%
Hablarte
17%
llevarnos
17%
madru
17%
Mensaje
17%
otra
17%
otras
17%
pereza
17%
querer
17%
ritmo
17%
solo
17%
suyo
17%
también
17%
usted
17%
aunque
11%
calle
11%
dejé
11%
después
11%
doy
11%
emprendado
11%
enamórarte
11%
esa
11%
Gwa
11%
Instagram
11%
Jet
11%
labia
11%
otro
11%
pelo
11%
rose
11%
rutina
11%
subió
11%
tengo
11%
vuelta
11%
chichipato
6%
Dm
6%
enamoré
6%
Marte
6%
oooh
6%
tuza
6%
Diri
0%
ganassss
0%
No se encontraron pruebas coincidentes
Distribución de puntuación
Porcentaje de gente con cada puntuación
Porcentaje por número respondido
Historial de tus puntuaciones
No has intentado esta prueba.